000 00340nam a22001457a 4500
008 210604b ||||| |||| 00| 0 eng d
020 _a2900030062222
041 _aeng
080 _25th
_a541
082 _a541
100 _a12
101 _aKIM
245 _aGeneral Chemistry with Qualitative Analysis
_cWhitten,K.W
942 _2udc
_cBK
999 _c57958
_d57958